Statistics for Rap God Lyrics (#1)

Click here to take the quiz!

General Stats

  • This quiz has been taken 444 times
  • The average score is 70 of 500

Answer Stats

Answer % Correct
I
94%
Go
88%
Go
88%
To
76%
Rap
74%
I'm
72%
Be
71%
You
70%
Fe
68%
God
68%
Feel
65%
In
63%
Like
61%
So
53%
On
53%
Me
53%
As
52%
It
52%
Back
50%
Look
48%
Got
47%
Was
47%
Do
47%
But
47%
My
45%
Feeling
44%
Get
44%
Not
44%
Not
44%
Your
44%
And
43%
What
43%
Easy
42%
Ma
41%
He
40%
People
40%
People
40%
From
40%
Of
40%
This
39%
Going
39%
One
38%
One
38%
Chance
37%
Front
36%
Front
36%
Nod
36%
Can
36%
Gonna
35%
Hurt
35%
That
35%
Le
34%
Say
34%
Only
33%
Feelings
32%
Off
32%
Slap
32%
Think
32%
Laptop
31%
Fuck
31%
For
30%
Just
29%
Pocket
29%
Is
29%
They
28%
Enough
28%
Box
28%
Arm
27%
Computer
26%
Something's
26%
Motherfuckin'
26%
Any
26%
Human
26%
Now
26%
Don't
26%
When
25%
Long
25%
With
25%
Big
25%
Ever
25%
Assuming
25%
Know
25%
Superhuman
25%
Slim
24%
If
24%
Wrong
24%
Kill
24%
Trouble
23%
Robot
23%
Genes
23%
Through
22%
Call
22%
Bananas
22%
Made
21%
Bill
21%
Clinton
21%
Nutsack
21%
Still
21%
Music
21%
Half
21%
Hip
20%
Office
20%
How
20%
Hop
20%
Monica
20%
Six
20%
Arms
20%
You're
20%
Happen
20%
About
20%
Must
20%
Gay
19%
Time
19%
Their
19%
Rap-bot
19%
Minutes
19%
We're
19%
Boy
18%
Hell
18%
Lookin'
18%
Elevator
18%
His
18%
Shady
18%
Hell
18%
Shit
18%
Thinks
18%
Fell
17%
Since
17%
Means
16%
Taking
16%
Chances
16%
Doc
16%
Doc
16%
Supersonic
15%
Coming
15%
Too
15%
Speed
15%
Honest
15%
Livin'
15%
Lewinsky
15%
Ac
15%
Thor
15%
Fat
15%
MC
15%
Rock
14%
'Em
14%
Rock
14%
Bombs
14%
Table
14%
Straight
14%
Day
14%
Said
14%
Profit
13%
Fucking
13%
King
13%
Ray
13%
Up
13%
Pad
13%
Killin'
13%
Innovative
13%
Into
13%
Hey
13%
Immortal
13%
Rubber
13%
Rhyme
13%
Bad
13%
Face
13%
Nascar
12%
Hall
12%
Fame
12%
Ironic
12%
School
12%
Want
12%
Lyrics
12%
Maxi
12%
Could
12%
Mom
12%
Hate
12%
After
12%
Odin
12%
Pen'll
11%
Here
11%
Fact
11%
Hard
11%
Shoot
11%
Drop
11%
Blow
11%
Mainstream
11%
Rude
11%
Walk
11%
These
11%
Hea
11%
Rappers
11%
Break
10%
Omnipotent
10%
Knot
10%
Nothing
10%
Acrobat
10%
Throating
10%
Try
10%
Lyrical
10%
Bust
10%
AK-47
10%
Little
10%
Church
10%
Period
10%
Ordered
10%
Shame
10%
Alcohol
10%
Elevating
10%
Same
10%
Faggots
10%
Over
10%
Deep
10%
Match
10%
Cause
10%
Them
10%
Indecent
10%
Rodent
9%
Though
9%
Yourself
9%
Flames
9%
Roll
9%
Dre
9%
Trash
9%
Asgard
9%
Once
9%
While
9%
Glue
9%
Audience
9%
Levitating
9%
Maintaining
9%
Ain't
9%
Wanna
9%
Pissin'
9%
Pop
9%
Actually
9%
Able
9%
Exact
9%
Crack
9%
Aftermath
9%
Rough
9%
Attack
9%
Key
9%
Demonstrating
9%
Women
9%
Syllables
9%
Columbine
9%
Radio
9%
Station
9%
Thinking
8%
Wrath
8%
Zombie
8%
Game
8%
Fags
8%
2PAC
8%
White
8%
Massacre
8%
Couple
8%
Barely
8%
Haters
8%
Wall
8%
Under
8%
Having
8%
Thank
8%
Fab
8%
Words
8%
Really
8%
Run
8%
Everybody
8%
Tough
8%
Moon
8%
Secret
8%
Ball
8%
Here's
8%
Confuse
7%
General
7%
Floating
7%
Before
7%
Celebrating
7%
Pinch
7%
Keep
7%
Man
7%
2004
7%
Portal
7%
Revolve
7%
Hungry
7%
Brutal
7%
Pupil
7%
Doberman
7%
Poodle
7%
Line
7%
Fading
7%
Ricocheting
7%
Forever
7%
Induct
7%
DMC
7%
Youthful
7%
Stunts
7%
Disastrously
7%
Burst
7%
Masterpiece
7%
Product
7%
Immortality
7%
Well
7%
Pat
7%
Blueprint's
7%
Thumbs
7%
Position
7%
Yack
7%
Hit
7%
Flock
7%
Kid
6%
Taken
6%
Around
6%
New
6%
Students
6%
Rakim
6%
Times
6%
Rhymes
6%
Doodle
6%
Punchlines
6%
N.W.A.
6%
Color
6%
Skin
6%
Warp
6%
Root
6%
Motivated
6%
Attempt
6%
Practicing
6%
Jealous
6%
Backpack
6%
Half-cock
6%
Pill
6%
Fuse
6%
Realized
6%
Constructing
6%
Nuisance
6%
Asteroid
6%
Future
6%
Good
6%
Love
6%
Devastating
6%
Show
6%
Exuberance
6%
Normal
6%
Vehicle
6%
Gathering
6%
Pay
6%
Krypton
6%
Zod
6%
Reloading
6%
Vey
6%
Dead
6%
Walking
6%
Toting
6%
Boy's
6%
Talking
6%
Kneel
6%
Out
6%
Racing
6%
Trailer
6%
Common
6%
Track
6%
Park
6%
Noodle
6%
Earth
5%
Nine
5%
MC's
5%
Watching
5%
Witnessing
5%
Ramen
5%
Full
5%
Simply
5%
Dale
5%
Crap
5%
Packin'
5%
Shock
5%
Hippity
5%
Rappity
5%
Pace
5%
Capable
5%
Seven
5%
Rage
5%
Truthful
5%
Label
5%
Planet's
5%
Very
5%
Woken
5%
Eazy
5%
Yella
5%
Lunchtime
5%
Homage
5%
Inspired
5%
Futile
5%
Chicken
5%
Scratch
5%
Scribble
5%
Mine
5%
Help
5%
Plank
5%
Inducted
5%
Come
5%
Ren
4%
Masterfully
4%
Basically
4%
Yap
4%
Cube
4%
Immediately
4%
Mee
4%
Cas
4%
Work
4%
Maybe
4%
Utilize
4%
Dippity
4%
Flippity
4%
Grow
4%
Bitter
4%
Junky
4%
Virgins
4%
Shabazz
4%
Mathers
4%
Verses
4%
Stuck
4%
Censor
4%
Lakim
4%
Cornrows
4%
Raygun
4%
Cable
4%
Pew
4%
Unsigned
3%
Devils
3%
Trying
3%
Fight
3%
Keeping
3%
Combine
3%
Flunky
3%
Eliminate
3%
Rapunzel
3%
Somewhere
3%
Mack
3%
Least
3%
Morphin'
3%
Piano
3%
Channel
3%
Nobody
3%
Sacrifice
3%
Satan
3%
Lead
3%
Angels
3%
Honestly
3%
Wack
3%
Underground
3%
Honesty's
3%
Writ
2%
Leagues
2%
Chunky
2%
Above
2%
Sure
2%
Struggling
2%
Million
2%
Funky
2%
Mind
2%
Wheel
2%
Appeal
2%
Consideration
2%
Yackety
2%
Singing
2%
Monch
2%
Pharaoahe
2%
Special
2%
Prove
2%
Grind
2%
Occurs
2%
Ripping
2%
Crunch
2%
Pointless
2%
Earnhardt
2%
Asking
1%
Seat
1%
Tugging
1%
Bumping
1%
Heavy
1%
Hurting
1%
Add
1%
Bought
1%
Versus
1%
Fabolous
1%
Tried
1%
Outt
1%
Mayweather's
1%
Curtains
1%
Inadvertently
1%
Cheek
1%
Drunk
1%
Tongues
1%
Brung
1%
Nice
1%
Accolades
1%
Asleep
1%

Score Distribution

Percentile by Number Answered

Percent of People with Each Score

Your Score History

You have not taken this quiz